[Event "IECC KO email"]
[Site "IECC email"]
[Date "2001.06.23"]
[Round "?"]
[White "Selijanchin, Nikolaj"]
[Black "Taylor, Jesse"]
[Result "1-0"]
[WhiteElo "1157"]
[BlackElo "990"]
[PlyCount "53"]
[EventDate "2001.??.??"]
[EventType "tourn (corr)"]
[EventRounds "6"]
[SourceTitle "Corr 2008"]
[Source "ChessBase"]
[SourceDate "2008.06.24"]
[SourceVersion "1"]
[SourceVersionDate "2008.06.24"]
[SourceQuality "1"]

1. e4 d6 2. d4 Be6 3. c4 Na6 4. Nc3 g5 5. Bxg5 h5 6. Be2 f6 7. Be3 c5 8. Bxh5+ Rxh5 9. Qxh5+ Kd7 10. d5 Nb4 11. dxe6+ Kxe6 12. 0-0-0 Qa5 13. a3 Kd7 14. axb4 Qxb4 15. Qg4+ Kc6 16. Qxg8 Qxc4 17. Qxc4 a5 18. Na4 b5 19. Qd5+ Kd7 20. Nxc5+ Ke8 21. Qxa8+ Kf7 22. Qd5+ Kg7 23. Qh5 Kg8 24. Ne6 Bh6 25. Qg6+ Kh8 26. Qxh6+ Kg8 27. Qg7# 1-0